[Event "Medias Kings m blitz 10th"]
[Site "Medias"]
[Date "2016.11.30"]
[Round "4"]
[White "Hou, Yifan"]
[Black "Kramnik, Vladimir"]
[Result "1/2-1/2"]
[WhiteElo "2651"]
[BlackElo "2809"]
[PlyCount "74"]
[EventDate "2016.11.30"]
[EventType "match (blitz)"]
[EventRounds "10"]
[EventCountry "ROU"]
[SourceTitle "CBM 175 Extra"]
[Source "ChessBase"]
[SourceDate "2016.12.12"]
[SourceVersion "1"]
[SourceVersionDate "2016.12.12"]
[SourceQuality "1"]

1. b3 g6 2. Bb2 Nf6 3. g3 Bg7 4. Bg2 O-O 5. c4 c5 6. Nc3 Nc6 7. Nf3 d5 8. cxd5
Nxd5 9. Qc1 Nxc3 10. Bxc3 e5 11. d3 Bd7 12. Nd2 Rc8 13. Ne4 Qe7 14. h4 Nd4 15.
f3 b5 16. Bd2 c4 17. dxc4 bxc4 18. bxc4 Qe6 19. Bh3 f5 20. c5 Qa6 21. Rh2 Qa4
22. Rb1 Nc2+ 23. Kf1 Rxc5 24. Qb2 Nd4 25. Kg1 Rb5 26. Qc1 Rxb1 27. Qxb1 Qc4 28.
Qe1 fxe4 29. Be3 Nc2 30. Qd2 Qxa2 31. Bf2 e3 32. Bxe3 Qa1+ 33. Qc1 Qxc1+ 34.
Bxc1 Nd4 35. Bb2 Rb8 36. Bxd4 exd4 37. Be6+ Kf8 1/2-1/2

[Event "Medias Kings m blitz 10th"]
[Site "Medias"]
[Date "2016.11.30"]
[Round "5"]
[White "Kramnik, Vladimir"]
[Black "Hou, Yifan"]
[Result "1-0"]
[WhiteElo "2809"]
[BlackElo "2651"]
[PlyCount "105"]
[EventDate "2016.11.30"]
[EventType "match (blitz)"]
[EventRounds "10"]
[EventCountry "ROU"]
[SourceTitle "CBM 175 Extra"]
[Source "ChessBase"]
[SourceDate "2016.12.12"]
[SourceVersion "1"]
[SourceVersionDate "2016.12.12"]
[SourceQuality "1"]

1. d4 Nf6 2. Nf3 c5 3. d5 e6 4. Nc3 exd5 5. Nxd5 Nxd5 6. Qxd5 Nc6 7. Ng5 Qe7 8.
c3 d6 9. Bf4 Be6 10. Qd2 d5 11. e3 h6 12. Nxe6 Qxe6 13. O-O-O O-O-O 14. Bd3 Bd6
15. Rhe1 Bxf4 16. exf4 Qf6 17. g3 Kb8 18. Qe2 g5 19. Bc2 gxf4 20. Qf3 d4 21.
Qxf4+ Qxf4+ 22. gxf4 dxc3 23. Rxd8+ Rxd8 24. bxc3 Rg8 25. Be4 Kc7 26. Bf3 a5
27. a4 b6 28. Kc2 Rg6 29. Bd5 Rf6 30. Re4 Kd6 31. Bxc6 Kxc6 32. c4 Kd6 33. Kd3
Rg6 34. Re3 Rf6 35. Ke4 Kc6 36. f5 Rd6 37. Rh3 Kd7 38. Ke3 Ke7 39. Rh4 Rf6 40.
Re4+ Kf8 41. Kf4 Rd6 42. Ke5 Rd2 43. Rh4 Kg7 44. f6+ Kh7 45. Rg4 Rd7 46. Rg7+
Kh8 47. f3 Ra7 48. Kd6 b5 49. cxb5 c4 50. b6 Rb7 51. Kc6 Rb8 52. b7 c3 53. Kc7
1-0

[Event "Medias Kings m blitz 10th"]
[Site "Medias"]
[Date "2016.11.30"]
[Round "6"]
[White "Hou, Yifan"]
[Black "Kramnik, Vladimir"]
[Result "1/2-1/2"]
[WhiteElo "2651"]
[BlackElo "2809"]
[PlyCount "133"]
[EventDate "2016.11.30"]
[EventType "match (blitz)"]
[EventRounds "10"]
[EventCountry "ROU"]
[SourceTitle "CBM 175 Extra"]
[Source "ChessBase"]
[SourceDate "2016.12.12"]
[SourceVersion "1"]
[SourceVersionDate "2016.12.12"]
[SourceQuality "1"]

1. c4 e6 2. g3 d5 3. Bg2 Nf6 4. Nf3 dxc4 5. Qa4+ Nbd7 6. Qxc4 c5 7. Qb3 Bd6 8.
O-O O-O 9. Nc3 a6 10. a4 Rb8 11. a5 Bc7 12. Qa3 c4 13. b3 cxb3 14. d4 b5 15.
axb6 Rxb6 16. Rb1 Bd6 17. Qa4 Rb4 18. Qa1 Rb8 19. Nd2 e5 20. Nxb3 exd4 21. Nxd4
Rxb1 22. Qxb1 Qc7 23. Bd2 Ne5 24. Rc1 Qa7 25. Nf5 Bc5 26. Be1 Neg4 27. e3 Bxf5
28. Qxf5 Bxe3 29. Ra1 Bd4 30. Nb5 Bxf2+ 31. Bxf2 Qxf2+ 32. Qxf2 Nxf2 33. Rxa6
N2g4 34. h3 Ne3 35. Nd4 Nxg2 36. Kxg2 h5 37. Nf3 Rd8 38. Ng5 Kf8 39. Ra7 Rd7
40. Ra5 g6 41. Kf3 Kg7 42. Ra3 Rd5 43. h4 Rf5+ 44. Kg2 Ng4 45. Rf3 Rxf3 46.
Kxf3 f6 47. Ne6+ Kf7 48. Nf4 Nh6 49. Ke4 Nf5 50. Kf3 Nd4+ 51. Ke4 Ne6 52. Ne2
Ke7 53. Kf3 Kd6 54. Nc3 Ke5 55. Nd1 Nd4+ 56. Ke3 Nf5+ 57. Kf3 Kd4 58. Nf2 Nh6
59. Kf4 Nf7 60. Ne4 f5 61. Ng5 Nd8 62. Nf3+ Kd5 63. Kg5 Ke4 64. Nd2+ Ke3 65.
Nc4+ Kf3 66. Ne5+ Kxg3 67. Nxg6 1/2-1/2

[Event "Medias Kings m blitz 10th"]
[Site "Medias"]
[Date "2016.11.30"]
[Round "8"]
[White "Hou, Yifan"]
[Black "Kramnik, Vladimir"]
[Result "1-0"]
[WhiteElo "2651"]
[BlackElo "2809"]
[PlyCount "84"]
[EventDate "2016.11.30"]
[EventType "match (blitz)"]
[EventRounds "10"]
[EventCountry "ROU"]
[SourceTitle "CBM 175 Extra"]
[Source "ChessBase"]
[SourceDate "2016.12.12"]
[SourceVersion "1"]
[SourceVersionDate "2016.12.12"]
[SourceQuality "1"]

1. c4 e6 2. Nf3 Nf6 3. g3 d5 4. b3 Be7 5. Bg2 O-O 6. O-O b6 7. Bb2 Bb7 8. d3 c5
9. e3 Nc6 10. Qe2 Qc7 11. Nc3 Rad8 12. Rad1 Qb8 13. Nb1 e5 14. cxd5 Nxd5 15.
Nbd2 Rfe8 16. a3 h6 17. Rfe1 b5 18. Ne4 Nf6 19. Nxf6+ Bxf6 20. Qc2 Qd6 21. Nd2
Na5 22. Ne4 Bxe4 23. Bxe4 Rc8 24. Bc3 Nc6 25. Ba1 Be7 26. Rc1 Qe6 27. d4 Na5
28. Bh7+ Kh8 29. Bf5 Qxb3 30. Bxc8 Rxc8 31. Qf5 Qe6 32. Qxe6 fxe6 33. dxc5 Nc4
34. Bc3 Bxc5 35. Bb4 Bb6 36. Red1 a5 37. Bd6 Rd8 38. Be7 Rd5 39. Kg2 e4 40. Rb1
b4 41. axb4 a4 42. b5 a3 1-0

[Event "Medias Kings m blitz 10th"]
[Site "Medias"]
[Date "2016.11.30"]
[Round "9"]
[White "Kramnik, Vladimir"]
[Black "Hou, Yifan"]
[Result "1-0"]
[WhiteElo "2809"]
[BlackElo "2651"]
[PlyCount "85"]
[EventDate "2016.11.30"]
[EventType "match (blitz)"]
[EventRounds "10"]
[EventCountry "ROU"]
[SourceTitle "CBM 175 Extra"]
[Source "ChessBase"]
[SourceDate "2016.12.12"]
[SourceVersion "1"]
[SourceVersionDate "2016.12.12"]
[SourceQuality "1"]

1. d4 Nf6 2. Nf3 d5 3. e3 g6 4. Be2 Bg7 5. O-O O-O 6. Nbd2 c5 7. dxc5 Nbd7 8.
Nb3 Qc7 9. Qd4 e5 10. Qh4 Ne4 11. c4 Bf6 12. Qh6 dxc4 13. Bxc4 Ndxc5 14. Nxc5
Qxc5 15. b3 Bg7 16. Qh4 Nd6 17. Ng5 h6 18. Ne4 Nxe4 19. Qxe4 Rb8 20. a4 Bf5 21.
Qh4 g5 22. Qh5 Qc6 23. Ba3 Bg6 24. Qe2 Rfd8 25. Rad1 a6 26. h3 Kh7 27. a5 f5
28. Rxd8 Rxd8 29. Rd1 Qc7 30. Bb4 e4 31. Rd2 f4 32. Qd1 Rxd2 33. Qxd2 Bf7 34.
Qc2 Qc6 35. exf4 gxf4 36. f3 Bg6 37. fxe4 Bd4+ 38. Kh1 Bxe4 39. Qd2 Be3 40. Qd8
Bxg2+ 41. Kh2 Qg6 42. Qe7+ Kh8 43. Bc3+ 1-0

[Event "Medias Kings m blitz 10th"]
[Site "Medias"]
[Date "2016.11.30"]
[Round "10"]
[White "Hou, Yifan"]
[Black "Kramnik, Vladimir"]
[Result "1-0"]
[WhiteElo "2651"]
[BlackElo "2809"]
[PlyCount "62"]
[EventDate "2016.11.30"]
[EventType "match (blitz)"]
[EventRounds "10"]
[EventCountry "ROU"]
[SourceTitle "CBM 175 Extra"]
[Source "ChessBase"]
[SourceDate "2016.12.12"]
[SourceVersion "1"]
[SourceVersionDate "2016.12.12"]
[SourceQuality "1"]

1. e4 e5 2. Nc3 Nf6 3. g3 Bc5 4. Bg2 O-O 5. Nge2 Re8 6. O-O a5 7. h3 d6 8. Kh2
Nbd7 9. f4 c6 10. a3 b5 11. f5 Ba6 12. d3 b4 13. Na4 d5 14. Nxc5 Nxc5 15. Be3
Nxd3 16. cxd3 dxe4 17. axb4 Nd5 18. Bc5 Bxd3 19. Nc3 Bxf1 20. Qxf1 Nxc3 21.
bxc3 Qd2 22. bxa5 Qxc3 23. Bb6 e3 24. Re1 e4 25. Rxe3 Qb4 26. Qf4 Qb2 27. Rxe4
Rxe4 28. Qxe4 Rc8 29. Bd4 Qb4 30. Qe5 Qf8 31. Bc5 Qd8 1-0

[Event "Medias Kings m1 fin blitz 10th"]
[Site "Medias"]
[Date "2016.11.30"]
[Round "2"]
[White "Kramnik, Vladimir"]
[Black "Deac, Bogdan Daniel"]
[Result "0-1"]
[WhiteElo "2809"]
[BlackElo "2572"]
[PlyCount "79"]
[EventDate "2016.11.30"]
[EventType "match (blitz)"]
[EventRounds "2"]
[EventCountry "ROU"]
[SourceTitle "CBM 175 Extra"]
[Source "ChessBase"]
[SourceDate "2016.12.12"]
[SourceVersion "1"]
[SourceVersionDate "2016.12.12"]
[SourceQuality "1"]

1. Nf3 d5 2. e3 c5 3. b3 Nc6 4. Bb5 Bd7 5. Bb2 a6 6. Bxc6 Bxc6 7. Ne5 Qc7 8.
O-O e6 9. d3 Nf6 10. Nd2 Bd6 11. f4 b5 12. Nxc6 Qxc6 13. Qf3 Be7 14. Qh3 O-O
15. Nf3 Nd7 16. Rae1 Bf6 17. Bxf6 Nxf6 18. Ne5 Qc7 19. Qh4 Rac8 20. Rf3 Nd7 21.
Rh3 h6 22. Ng4 f6 23. Qh5 Rf7 24. Qg6 Kf8 25. Rf3 f5 26. Nxh6 gxh6 27. Qxh6+
Ke7 28. e4 fxe4 29. dxe4 d4 30. Qg5+ Kd6 31. e5+ Kc6 32. Qg6 Nf8 33. Qe4+ Kb6
34. b4 Rd8 35. f5 cxb4 36. f6 Rd5 37. Qg4 Qxc2 38. Qh5 Rdd7 39. Rf2 Qc3 40. g4
0-1

[Event "London Classic 8th"]
[Site "London"]
[Date "2016.12.12"]
[Round "4"]
[White "Kramnik, Vladimir"]
[Black "Vachier Lagrave, Maxime"]
[Result "1/2-1/2"]
[WhiteElo "2809"]
[BlackElo "2804"]
[Annotator "Krasenkow,M"]
[PlyCount "121"]
[EventDate "2016.12.09"]
[EventType "tourn"]
[EventRounds "9"]
[EventCountry "ENG"]
[EventCategory "22"]
[SourceTitle "CBM 176"]
[Source "ChessBase"]
[SourceDate "2017.01.17"]
[SourceVersion "1"]
[SourceVersionDate "2017.01.17"]
[SourceQuality "1"]

1. d4 Nf6 2. Nf3 g6 3. g3 Bg7 4. Bg2 d5 5. O-O O-O 6. Nbd2 Nc6 {This curious
move brings some fresh air to this position.} (6... c6 {is the main line.}) 7.
b3 ({To} 7. c4 a5 $5 {recently gained popularity} (7... Be6 $5 {is possible,
too}) ({while} 7... dxc4 8. Nxc4 {leads to the well-known position from the 6..
.dxc4 7.Na3 line})) 7... e5 $5 {Black tries to take advanatge of White's slow
way of development.} (7... Bf5 8. Bb2 {is "normal"}) 8. dxe5 (8. Nxe5 Nxe5 9.
dxe5 Ng4 {is completely fine for Black.}) 8... Ng4 9. c4 $146 (9. Bb2 Ngxe5 10.
Qc1 Bf5 11. Nxe5 Nxe5 12. c4 c6 13. Bd4 dxc4 14. Qc3 Qd6 15. Nxc4 Qxd4 $1 16.
Qxd4 Nf3+ 17. Bxf3 Bxd4 $15 {1/2 (57) Csom,I (2485)-London,D (2420) New York
1987}) (9. Ba3 Re8 10. e4 dxe4 11. Nxe4 Ngxe5 12. Nxe5 Bxe5 13. Qxd8 {1/2 (13)
Csom,I (2505)-Smejkal,J (2540) Szirak 1986}) 9... d4 {Apparently, Black has a
lot of options but not all of them are really comfortable:} (9... Ngxe5 10.
Nxe5 Bxe5 11. cxd5 Bxa1 12. Ba3 Bg7 13. Bxf8 Qxf8 14. dxc6 {- White wins a
pawn although he will have hard work converting it after} b6) (9... Ncxe5 10.
Ba3 $1 Re8 (10... Nxf3+ 11. exf3 $1 Bxa1 12. Qxa1 Nf6 13. Bxf8 Kxf8 14. cxd5
$16) 11. Nxe5 Bxe5 12. Rc1 $14) (9... dxc4 10. Ba3 $1 (10. Nxc4 Ngxe5 11. Nfxe5
Nxe5 12. Nxe5 Qxd1 13. Rxd1 Bxe5 14. Rb1 Re8 $11) 10... Re8 (10... c3 11. Bxf8
Qxf8 12. Ne4 Qb4 13. Qd3 Ngxe5 14. Nxe5 Bxe5 15. Rac1 Bf5 16. Qc4 Qxc4 17. bxc4
Bxe4 18. Bxe4 Na5 19. c5 $14) 11. Nxc4 Ncxe5 12. Nfxe5 Nxe5 13. Qxd8 Rxd8 14.
Na5 $1 Rb8 15. Rad1 $14) (9... Be6 {is probably more appropriate but even
there after} 10. Bb2 (10. Ba3 $143 Re8) 10... Ngxe5 11. Nxe5 Bxe5 12. Bxe5 Nxe5
13. Qc2 {the weakness of the dark squares in Black's position remains annoying.
}) 10. Ne4 Ngxe5 11. Nxe5 Nxe5 12. Bg5 {Forcing the advance of Black's f-pawn,
which weakens his position.} f6 13. Bc1 f5 14. Nc5 c6 15. Bb2 $6 {This move is
a bit inaccurate.} (15. Re1 $5) 15... Qd6 $6 ({Black misses an opportunity to
free his position and obtain excellent chances by means of} 15... f4 $1 {since}
16. Bxd4 $2 {loses to} f3 $1 17. exf3 Qxd4 18. Qxd4 Nxf3+ 19. Bxf3 Bxd4) 16. e3
$1 {[%mdl 64]} Nxc4 (16... Qxc5 17. exd4 Qd6 18. c5 $5 Qc7 19. dxe5 Bxe5 20.
Bxe5 Qxe5 21. Re1 $1 Qxc5 $140 22. Rc1 $16) (16... d3 17. Bd4 Rd8 18. Nxd3 (18.
Qd2 $5 {[%cal Ya1d1] may be even more precise}) 18... Nxd3 19. Qxd3 Bxd4 20.
exd4 Qxd4 21. Qe2 $14 {[%cal Ya1d1,Yf1e1] with a development advantage and
initiative}) 17. Bxd4 Bxd4 18. Qxd4 Qxd4 19. exd4 $14 {White has an advantage
in development, and Black's position is compromised with ...f7-f5; those
factors are more important than the potential weakness of White's isolated
pawn.} Nd6 (19... Nb6 20. Rfe1) 20. Rfd1 (20. d5 b6 $1 21. Ne6 Bxe6 22. dxe6
Ne4 23. Bxe4 fxe4 24. Rfe1 Rfe8 25. Rxe4 Rad8 {, and White can hardly win this
rook ending.}) 20... Nb5 (20... Rf6 $5 {[%cal Ya8b8]}) 21. d5 $1 Nc3 22. dxc6
Nxd1 23. Bd5+ $1 (23. cxb7 $143 Bxb7 24. Bxb7 Rad8 25. Ne6 Rd2 26. Nxf8 Kxf8)
23... Kh8 24. cxb7 Bxb7 25. Bxb7 Rad8 26. Ne6 Rfe8 27. Nxd8 Rxd8 {[%mdl 4096]
As a result of his combination, White has won a pawn. It is not easy to
convert it but still...} 28. Kf1 Nc3 29. a3 $6 (29. Ke1 $142 $5 {keeping his
material advantage}) 29... Rb8 30. Rc1 Nb5 31. Rc8+ Rxc8 32. Bxc8 Nxa3 33. Ke2
{White has now given back the pawn but his bishop is stronger than Black's
knight in this open position; besides, his king is more active. On the other
hand, the reduced number of pawns diminishes White's winning chances.} Nb5 34.
Kd3 Kg7 35. Bd7 Nd6 36. f3 Kf6 37. Kd4 Nf7 $1 38. Bb5 Ne5 39. Be2 g5 40. Kd5 h5
{Black is correctly trying to advance and possibly trade his kingside pawns.}
41. b4 Ng6 42. b5 f4 $1 {Black creates his own passed pawn, after which
White's winning chances become zero.} 43. g4 (43. Kc6 fxg3 44. hxg3 h4 45. gxh4
gxh4 46. Bf1 Ne5+ 47. Kb7 {, and now, e.g.} Nf7 48. Kxa7 Nd6 49. b6 Nc8+ 50.
Kb7 Nxb6 51. Kxb6 Ke5 52. Kc5 Kf4 53. Bg2 Kg3 54. Bh1 h3 55. Kd4 Kh2 56. Ke3
Kxh1 57. Kf2 h2 $11) 43... hxg4 44. fxg4 Ne5 45. h3 f3 46. Bf1 f2 47. Ke4 Ng6
48. Ke3 Ke5 49. Bg2 Nf8 50. Kxf2 Kf4 51. Ke2 Kg3 52. Bf1 Ne6 53. Ke3 Nf4 54.
Ke4 Nxh3 55. Kf5 Nf2 56. Kxg5 Nxg4 57. Be2 Ne3 58. Kf6 Nd5+ 59. Ke5 Nc3 60. Bc4
Nxb5 61. Bxb5 1/2-1/2

[Event "London Classic 8th"]
[Site "London"]
[Date "2016.12.17"]
[Round "8"]
[White "Kramnik, Vladimir"]
[Black "Giri, Anish"]
[Result "1/2-1/2"]
[WhiteElo "2809"]
[BlackElo "2771"]
[Annotator "Prasanna,V"]
[PlyCount "92"]
[EventDate "2016.12.09"]
[EventType "tourn"]
[EventRounds "9"]
[EventCountry "ENG"]
[EventCategory "22"]
[SourceTitle "CBM 176"]
[Source "ChessBase"]
[SourceDate "2017.01.17"]
[SourceVersion "1"]
[SourceVersionDate "2017.01.17"]
[SourceQuality "1"]

1. e4 {Kramnik has started with this move quite a number of times in 2016 so
it must not have been a complete surprise for Anish Giri. Kramnik in the past
has mentioned he likes to try to outplay his younger opponents in a positional
struggle and this game is no different.} c5 2. Nf3 d6 3. d4 cxd4 4. Nxd4 Nf6 5.
Nc3 a6 {The most popular modern Sicilian Najdorf is on the board. It is not a
surprise as Anish has been using it with Black in his past 10 games against e4.
} 6. g3 {Even though the game started with the Sicilian Kramnik opts for one
of the quietest responses against the Najdorf.} e5 7. Nde2 Be6 8. Bg2 h5 {
Anish shows the depth of his preparation. Even though ...h5 is no longer a
surprise idea in the Najdorf. It has never been played in the position and it
is usually played to hinder White's g4-plan.} 9. Bg5 {Kramnik refuses to
transpose to familiar theory and keeps the position fresh and novel.} (9. h3 {
transposes to the 6.h3 Fischer variation.}) 9... Nbd7 10. Qd2 Be7 11. a4 Rc8
12. O-O Nf8 13. Bxf6 {Kramnik tries to keep the position under control and in
positional territory.} (13. a5 N8h7 $1 (13... h4 14. Bxh4 Rxh4 15. gxh4 Ng6 16.
f4 Nxh4 17. Nd5 (17. Kh1 Nxg2 18. Kxg2)) 14. Be3 h4 15. f4 Nf8 {leads to a
dynamically balanced position with chances for both sides. Facing a new idea
at the board, Kramnik's decision is both practical and sound.}) (13. Rfd1 N8h7
14. Be3 Ng4) 13... Bxf6 14. Rfd1 {The game moves into the slow manoeuvring
phase.} Be7 15. Nd5 h4 16. Nec3 (16. Nxe7 Qxe7 17. Ra3 hxg3 18. hxg3 Bg4 19. f3
Be6 20. Rd3 Bc4 21. Rxd6 Ne6) 16... Nh7 (16... Rc6 17. Ra3 Nd7 18. Rb3 Qc8) 17.
Ra3 Rc6 18. Rb3 Qb8 19. Na2 (19. Nxe7 Kxe7 20. Nd5+ Bxd5 21. exd5 Rc4 (21...
Rc7) 22. Re1 hxg3 23. hxg3 Qc8 24. f4) 19... Bxd5 20. Qxd5 Qc8 21. Nb4 Nf6 22.
Qd2 Rc5 23. Rc1 hxg3 24. hxg3 g6 25. Rd3 Kf8 26. c3 Kg7 27. Rd1 Qd7 28. b3 Qg4
29. c4 Nxe4 {An interesting decision. Anish decides to solve his positions
dynamically instead of with passive defence.} (29... Rcc8 {was also okay for
Black.} 30. Nc2 Qh5 31. Ne3 Ng4 32. Nxg4) 30. f3 Nxd2 31. fxg4 Nxc4 32. bxc4
Rxc4 33. Nd5 Bd8 34. Ra1 (34. Rb1 {could have given White some chances. It was
important to stay active and on the offensive. After the move in the game
Black has no troubles whatsoever.} Rxg4 35. Rxb7 Rxa4 36. Rf3 Rf8 37. Bh3 $1 {
[%csl Re6]} e4 38. Rf1 Ra3 39. Nf4 Kg8 40. Kg2 Ra2+ 41. Rf2 Rxf2+ 42. Kxf2 {
Of course the most likely result is a draw but Black still has to be careful.})
34... Rxg4 35. a5 e4 36. Rb3 Rh5 37. Ne3 Rgg5 38. Kf2 Rxa5 39. Rxa5 Rxa5 40.
Bxe4 b5 41. Rd3 Be7 42. Kf3 Ra1 43. Nd5 Bd8 44. Nf4 Be7 45. Rc3 d5 46. Bxd5 Ra3
{White has absolutely no objective chances after the exchange of rooks - a
draw was agreed.} 1/2-1/2

[Event "Zuerich Chess Challenge Blitz 6th"]
[Site "Zuerich"]
[Date "2017.04.12"]
[Round "2"]
[White "Kramnik, Vladimir"]
[Black "Oparin, Grigoriy"]
[Result "1/2-1/2"]
[WhiteElo "2811"]
[BlackElo "2604"]
[PlyCount "92"]
[EventDate "2017.04.12"]
[EventType "tourn (blitz)"]
[EventRounds "9"]
[EventCountry "SUI"]
[SourceTitle "CBM 177 Extra"]
[Source "ChessBase"]
[SourceDate "2017.04.27"]
[SourceVersion "1"]
[SourceVersionDate "2017.04.27"]
[SourceQuality "1"]

1. Nf3 d5 2. g3 c6 3. Bg2 Bg4 4. d3 Nd7 5. O-O e5 6. h3 Bh5 7. c4 dxc4 8. dxc4
Ngf6 9. Nh4 Bc5 10. Nc3 O-O 11. Qc2 Re8 12. a3 a5 13. e3 Qc7 14. Rb1 Bf8 15. b4
axb4 16. axb4 Nb6 17. g4 Bg6 18. Nxg6 hxg6 19. g5 Nh7 20. Ne4 Be7 21. h4 Qd7
22. b5 Rac8 23. bxc6 Rxc6 24. c5 Qc8 25. Qb3 Nd7 26. Qxb7 Nxc5 27. Qxc6 Qxc6
28. Nf6+ Qxf6 29. gxf6 Nxf6 30. Rb5 Nd3 31. Bd2 Ng4 32. Bc6 Rf8 33. f3 Nh6 34.
Rd5 Nb4 35. Bxb4 Bxb4 36. Rxe5 Nf5 37. h5 Nxe3 38. hxg6 Nxf1 39. Bd5 Ng3 40.
Kg2 Bd6 41. Rg5 Kh8 42. gxf7 Kh7 43. Rg4 g6 44. Rxg3 Bxg3 45. Kxg3 Kg7 46. f4
Rxf7 1/2-1/2

[Event "Zuerich Chess Challenge Blitz 6th"]
[Site "Zuerich"]
[Date "2017.04.12"]
[Round "3"]
[White "Nepomniachtchi, Ian"]
[Black "Kramnik, Vladimir"]
[Result "0-1"]
[WhiteElo "2751"]
[BlackElo "2811"]
[PlyCount "52"]
[EventDate "2017.04.12"]
[EventType "tourn (blitz)"]
[EventRounds "9"]
[EventCountry "SUI"]
[SourceTitle "CBM 177 Extra"]
[Source "ChessBase"]
[SourceDate "2017.04.27"]
[SourceVersion "1"]
[SourceVersionDate "2017.04.27"]
[SourceQuality "1"]

1. Nf3 d5 2. g3 Nf6 3. Bg2 e6 4. O-O Be7 5. d3 O-O 6. Nbd2 a5 7. e4 a4 8. Re1
a3 9. b3 c5 10. e5 Nfd7 11. Nf1 Nc6 12. h4 b5 13. h5 f5 14. exf6 Bxf6 15. Rb1
Nb4 16. d4 Nxa2 17. Bd2 cxd4 18. h6 Nc5 19. hxg7 Bxg7 20. Nxd4 Bxd4 21. Qg4+
Bg7 22. Ra1 Qf6 23. Rxa2 Qxf2+ 24. Kh1 Ne4 25. c4 Nxd2 26. Rd1 Ne4 0-1

[Event "Zuerich Chess Challenge Blitz 6th"]
[Site "Zuerich"]
[Date "2017.04.12"]
[Round "5"]
[White "Anand, Viswanathan"]
[Black "Kramnik, Vladimir"]
[Result "1-0"]
[WhiteElo "2786"]
[BlackElo "2811"]
[PlyCount "83"]
[EventDate "2017.04.12"]
[EventType "tourn (blitz)"]
[EventRounds "9"]
[EventCountry "SUI"]
[SourceTitle "CBM 177 Extra"]
[Source "ChessBase"]
[SourceDate "2017.04.27"]
[SourceVersion "1"]
[SourceVersionDate "2017.04.27"]
[SourceQuality "1"]

1. e4 e5 2. Nf3 Nc6 3. Bb5 Nf6 4. d3 d6 5. O-O Bd7 6. c4 g6 7. Nc3 Bg7 8. Nd5
a6 9. Ba4 Nxd5 10. cxd5 Ne7 11. Bg5 b5 12. Bb3 h6 13. Bxe7 Qxe7 14. a4 O-O 15.
axb5 axb5 16. Qc2 Rxa1 17. Rxa1 Rc8 18. Ra7 Qd8 19. h3 h5 20. Qc3 g5 21. Nh2 f5
22. exf5 e4 23. Qd2 Bxf5 24. dxe4 Bxe4 25. Bc2 Bxc2 26. Qxc2 Qe7 27. Nf1 Qf7
28. Ne3 g4 29. hxg4 hxg4 30. g3 b4 31. b3 Bc3 32. Qe4 Rf8 33. Qxg4+ Bg7 34. Ra2
Qf6 35. Rc2 Rf7 36. Kg2 Kh7 37. Qxb4 Qg6 38. Rc4 Bh6 39. Rh4 Qf6 40. Ng4 Qf3+
41. Kh2 Kg7 42. Qd4+ 1-0

[Event "Zuerich Chess Challenge Blitz 6th"]
[Site "Zuerich"]
[Date "2017.04.12"]
[Round "6"]
[White "Gelfand, Boris"]
[Black "Kramnik, Vladimir"]
[Result "1/2-1/2"]
[WhiteElo "2724"]
[BlackElo "2811"]
[PlyCount "53"]
[EventDate "2017.04.12"]
[EventType "tourn (blitz)"]
[EventRounds "9"]
[EventCountry "SUI"]
[SourceTitle "CBM 177 Extra"]
[Source "ChessBase"]
[SourceDate "2017.04.27"]
[SourceVersion "1"]
[SourceVersionDate "2017.04.27"]
[SourceQuality "1"]

1. d4 Nf6 2. c4 e6 3. Nf3 d5 4. g3 Bb4+ 5. Bd2 Bd6 6. Nc3 O-O 7. Bg5 c6 8. e4
dxe4 9. Nxe4 Bb4+ 10. Nc3 h6 11. Bf4 c5 12. Bg2 Nc6 13. dxc5 e5 14. Nxe5 Qxd1+
15. Kxd1 Rd8+ 16. Kc1 Nxe5 17. Bxe5 Ng4 18. Bc7 Re8 19. Ne4 Rxe4 20. Bxe4 Nxf2
21. Bd5 Bxc5 22. Kc2 Bf5+ 23. Kb3 Rc8 24. Bf4 Nxh1 25. Rxh1 b6 26. Re1 Kf8 27.
a3 1/2-1/2

[Event "Zuerich Chess Challenge Blitz 6th"]
[Site "Zuerich"]
[Date "2017.04.12"]
[Round "7"]
[White "Kramnik, Vladimir"]
[Black "Pelletier, Yannick"]
[Result "1/2-1/2"]
[WhiteElo "2811"]
[BlackElo "2541"]
[PlyCount "102"]
[EventDate "2017.04.12"]
[EventType "tourn (blitz)"]
[EventRounds "9"]
[EventCountry "SUI"]
[SourceTitle "CBM 177 Extra"]
[Source "ChessBase"]
[SourceDate "2017.04.27"]
[SourceVersion "1"]
[SourceVersionDate "2017.04.27"]
[SourceQuality "1"]

1. d4 Nf6 2. Nf3 d5 3. Bg5 e6 4. e3 c5 5. Nbd2 Nbd7 6. c3 Bd6 7. Bd3 O-O 8. O-O
Qc7 9. e4 dxe4 10. Nxe4 Nxe4 11. Bxe4 h6 12. Be3 Nf6 13. Bc2 Bd7 14. dxc5 Bxc5
15. Bxc5 Qxc5 16. Qd4 Qxd4 17. Nxd4 e5 18. Nf3 Rfe8 19. Rfe1 e4 20. Nd4 Re7 21.
Re3 Rae8 22. Rae1 Kf8 23. h3 g6 24. Kh2 h5 25. g3 a6 26. Kg2 Be6 27. Nxe6+ Rxe6
28. R1e2 Rb6 29. Bb3 Rd6 30. f3 exf3+ 31. Kxf3 Rxe3+ 32. Kxe3 Nd7 33. Rd2 Rxd2
34. Kxd2 a5 35. Ke3 Ke7 36. h4 f6 37. Bc2 Ne5 38. Kd4 Kd6 39. b4 b6 40. a3 g5
41. Ke4 gxh4 42. gxh4 Nc4 43. a4 Ne5 44. Kf5 Ke7 45. bxa5 bxa5 46. Bd1 Nc4 47.
Bxh5 Nb2 48. Bg6 Nxa4 49. h5 Kf8 50. h6 Nxc3 51. Kxf6 Kg8 1/2-1/2